[Event "Challenge"]
[Site "http://www.queenalice.com/game.php?id=1032673"]
[Date "2012.2.24"]
[Round "-"]
[White "heinrich79"]
[Black "bienopia"]
[Result "1-0"]
[WhiteElo "1762"]
[BlackElo "1819"]

1. e4 a6 2. Nf3 h6 3. d4 e6 4. Be3 c6 5. c4 Bb4+ 6. Nc3 d5 7. a3 Ba5 8. Bd3 Nd7
9. O-O Ne7 10. b4 Bb6 11. Qc2 Nf6 12. c5 Bc7 13. e5 Nfg8 14. Rac1 g6 15. a4 b5
16. a5 Bd7 17. Ne2 Nf5 18. Ng3 Nxe3 19. fxe3 Ne7 20. h3 Nf5 21. Bxf5 gxf5 22.
Nh5 Qe7 23. Nf6+ Kd8 24. Kf2 Kc8 25. Rg1 Kb7 26. g4 Rad8 27. gxf5 exf5 28. Rg2
Bc8 29. Ke2 Be6 30. Nh4 h5 31. Nxf5 Bxf5 32. Qxf5 h4 33. Rcg1 Qe6 34. Qxe6 fxe6
35. Rg8 Rhxg8 36. Rxg8 Rxg8 37. Nxg8 Bd8 38. Nf6 Kc7 39. Kf3 Be7 40. Kg4 Kd8 41.
Kxh4 Bf8 42. Kg5 Bg7 43. h4 Ke7 44. Kg6 Bh8 45. Kh7 Bxf6 46. exf6+ Kxf6 47. Kh6
e5 48. dxe5+ Kxe5 49. Kg5 Ke4 50. h5 Kxe3 51. h6 Kd4 52. h7 Kc4 53. h8=Q Kxb4
54. Qf8 Kxa5 55. Qd6 d4 56. Qxc6 b4 57. Qb6+ Ka4 58. Qxa6+ Kb3 59. Qd3+ Ka2 60.
Qxd4 b3 61. c6 b2 62. Qxb2+ 1-0

[Event "Challenge"]
[Site "http://www.queenalice.com/game.php?id=1036411"]
[Date "2012.3.5"]
[Round "-"]
[White "heinrich79"]
[Black "Publio"]
[Result "0-1"]
[WhiteElo "1856"]
[BlackElo "1786"]

1. e4 e5 2. Nf3 d6 3. d4 Bg4 4. dxe5 Bxf3 5. Qxf3 dxe5 6. Bc4 Nf6 7. Qb3 Bb4+ 8.
Qxb4 Nbd7 9. Nc3 b6 10. Bg5 c5 11. Qb5 O-O 12. O-O-O a6 13. Qc6 Ra7 14. Rxd7
Rxd7 15. Bxf6 gxf6 16. Rd1 Rxd1+ 17. Nxd1 a5 18. Nc3 Kg7 19. Nd5 h5 20. Qxb6
Qxb6 21. Nxb6 Kg6 22. Nd7 Rc8 23. a4 Rc7 24. Nb6 f5 25. f3 f4 26. b3 f5 27. Nd5
Rh7 28. Kb2 Kg5 29. Bd3 fxe4 30. Bxe4 Rg7 31. Ka3 Kh4 32. c3 Rxg2 33. b4 cxb4+
34. cxb4 axb4+ 35. Kxb4 Rxh2 36. Nf6 Kg3 37. Nxh5+ Rxh5 38. a5 Rh8 39. Kb5 Rb8+
40. Ka6 Rb4 41. Bb7 e4 42. Bxe4 Rxe4 43. Kb7 Rb4+ 44. Kc7 Kxf3 45. a6 Ra4 46.
Kb7 Ke3 0-1

[Event "Challenge"]
[Site "http://www.queenalice.com/game.php?id=1036975"]
[Date "2012.3.7"]
[Round "-"]
[White "Leofelix"]
[Black "heinrich79"]
[Result "0-1"]
[WhiteElo "1792"]
[BlackElo "1780"]

1. e4 c6 2. d4 d5 3. Bd3 g6 4. Bf4 Bg7 5. Bxb8 Rxb8 6. e5 e6 7. Nf3 Ne7 8. O-O
O-O 9. Ng5 Qb6 10. c3 Qxb2 11. Qb3 Qxb3 12. axb3 Ra8 13. Nd2 Bh6 14. Ndf3 Nf5
15. g4 Ne7 16. h4 Kh8 17. Kg2 f5 18. gxf5 Nxf5 19. Bxf5 Rxf5 20. Kh3 Bd7 21. Kg4
Raf8 22. Nh2 a6 23. f4 Bxg5 24. hxg5 h5+ 25. Kg3 h4+ 26. Kg4 Kg7 27. Rf3 h3 28.
Raf1 b5 29. Rxh3 a5 30. Rhf3 a4 31. bxa4 bxa4 32. Ra1 Ra8 33. Kg3 Ra5 0-1

[Event "Challenge"]
[Site "http://www.queenalice.com/game.php?id=1037037"]
[Date "2012.3.7"]
[Round "-"]
[White "Ebbe"]
[Black "heinrich79"]
[Result "1-0"]
[WhiteElo "1879"]
[BlackElo "1774"]

1. d4 d5 2. c4 c6 3. Nc3 e6 4. Nf3 Nf6 5. Bf4 Nbd7 6. c5 b6 7. b4 bxc5 8. bxc5
Qa5 9. Rc1 Ne4 10. Bd2 Ndf6 11. Nxe4 Qxa2 12. Nxf6+ gxf6 13. Rc2 Qb3 14. e3 Bg7
15. Be2 e5 16. O-O Bf5 17. Rc3 Qxd1 18. Bxd1 O-O 19. Nh4 Bg6 20. Nxg6 fxg6 21.
Rb3 exd4 22. exd4 f5 23. Bc3 a5 24. Ra3 Ra7 25. Re1 Rfa8 26. Re6 Rb7 27. Rxc6
Rb1 28. Ra1 Rxa1 29. Bxa1 a4 30. Bf3 a3 31. Bxd5+ Kf8 32. g3 Bh6 33. Rf6+ Ke7
34. Rf7+ Ke8 35. Bxa8 Kxf7 36. c6 1-0

[Event "Challenge"]
[Site "http://www.queenalice.com/game.php?id=1040092"]
[Date "2012.3.17"]
[Round "-"]
[White "Scaracioli"]
[Black "heinrich79"]
[Result "0-1"]
[WhiteElo "1683"]
[BlackElo "1837"]

1. e4 e5 2. Nf3 Nc6 3. d4 exd4 4. Nxd4 Bc5 5. c3 d6 6. b4 Bxd4 7. cxd4 Nxb4 8.
d5 Nf6 9. Qa4+ c6 10. Qxb4 cxd5 11. Qb5+ Bd7 12. Qxb7 dxe4 13. Nc3 Qa5 14. Qxa8+
Ke7 15. Qxh8 Qxc3+ 16. Bd2 Qxa1+ 17. Ke2 Bb5+ 18. Ke3 Bxf1 19. Rxf1 Qxf1 20.
Qxg7 Qd3+ 21. Kf4 Nh5+ 22. Kg4 Nxg7 23. Bg5+ f6 0-1

[Event "Challenge"]
[Site "http://www.queenalice.com/game.php?id=1040981"]
[Date "2012.3.20"]
[Round "-"]
[White "Scaracioli"]
[Black "heinrich79"]
[Result "1-0"]
[WhiteElo "1645"]
[BlackElo "1847"]

1. e4 c5 2. c3 e6 3. d4 d5 4. e5 Nc6 5. Bb5 cxd4 6. cxd4 Qa5+ 7. Nc3 Bb4 8. Bd2
Bxc3 9. Bxc6+ bxc6 10. bxc3 Qb6 11. Rb1 Qc7 12. Nf3 Ba6 13. Nh4 Bc4 14. Rb2 Rb8
15. Rxb8+ Qxb8 16. f3 Ne7 17. Kf2 O-O 18. g4 Qb2 19. Re1 Qxa2 20. f4 Rb8 21. Ke3
Rb1 22. Qxb1 a5 23. Qxa2 Bxa2 24. Ra1 Bc4 25. Rxa5 h6 26. h3 Kh7 27. Ra7 Ng6 28.
Nxg6 fxg6 29. Re7 Bf1 30. h4 Bh3 31. Kf3 h5 32. g5 Bf5 33. Rc7 Kg8 34. Rxc6 Kf7
35. Rc7+ 1-0

[Event "Challenge"]
[Site "http://www.queenalice.com/game.php?id=1048697"]
[Date "2012.4.13"]
[Round "-"]
[White "Scaracioli"]
[Black "heinrich79"]
[Result "1-0"]
[WhiteElo "1684"]
[BlackElo "1823"]

1. e4 e5 2. Nf3 Nf6 3. Nc3 Nc6 4. d4 exd4 5. Nxd4 Bb4 6. Bg5 Qe7 7. f3 Qe5 8.
Be3 d5 9. a3 Bc5 10. Nxc6 Qd6 11. Bxc5 Qxc5 12. Nb4 O-O 13. Nbxd5 Be6 14. b4 Qc6
15. Ne7+ Kh8 16. Nxc6 bxc6 17. Bd3 Rad8 18. Qe2 Nd7 19. Rd1 c5 20. bxc5 Nxc5 21.
O-O Bd7 22. g4 Ne6 23. Qe3 f6 24. Qxa7 Ra8 25. Qf2 Rxa3 26. Nd5 Rfa8 27. f4 Nd8
28. Nxc7 R8a7 29. Nb5 1-0

[Event "AUTO-OPEN-2821"]
[Site "http://www.queenalice.com/game.php?id=1113794"]
[Date "2012.10.18"]
[Round "1"]
[White "Pros0dia"]
[Black "heinrich79"]
[Result "1-0"]
[WhiteElo "2067"]
[BlackElo "1794"]

1. e4 c6 2. d4 d5 3. Nc3 dxe4 4. Nxe4 Nf6 5. Ng3 g6 6. Nf3 Bg4 7. Be2 Bxf3 8.
Bxf3 Bg7 9. O-O O-O 10. c3 Nbd7 11. Bf4 Re8 12. Qb3 Qb6 13. Rfe1 Qxb3 14. axb3
a5 15. Bc7 b6 16. Bxc6 Rac8 17. Bxd7 Nxd7 18. Bf4 e5 19. dxe5 Nxe5 20. Rad1 Nc6
21. Rxe8+ Rxe8 22. Rd6 Re1+ 23. Nf1 Ne5 24. Rd8+ Bf8 25. Bh6 1-0

[Event "AUTO-OPEN-2821"]
[Site "http://www.queenalice.com/game.php?id=1113795"]
[Date "2012.10.18"]
[Round "1"]
[White "heinrich79"]
[Black "Pros0dia"]
[Result "0-1"]
[WhiteElo "1765"]
[BlackElo "2108"]

1. e4 e5 2. Nf3 Nf6 3. d4 Nxe4 4. Bd3 d5 5. Nxe5 Nd7 6. O-O Nxe5 7. dxe5 Nc5 8.
Be3 Nxd3 9. cxd3 c6 10. d4 Bf5 11. Nd2 Be7 12. Qf3 Qd7 13. Rfe1 O-O 14. Bf4 Be6
15. Qg3 f6 16. Bh6 Rf7 17. Re3 fxe5 18. Rf3 Raf8 19. dxe5 Bc5 20. Rf1 Rxf3 21.
Nxf3 Kh8 22. Bd2 Bg4 23. Be3 Bxe3 24. fxe3 h6 25. Nh4 Rxf1+ 26. Kxf1 Qf7+ 27.
Qf4 Be6 28. Qxf7 Bxf7 29. Nf5 Be6 30. Nd6 b6 31. Ke2 g5 32. Kd3 Kh7 33. h3 h5
34. e4 dxe4+ 35. Kxe4 Kg6 36. g4 hxg4 37. hxg4 Bxg4 38. a3 Be6 39. Ne8 Bd5+ 0-1

[Event "AUTO-OPEN-2821"]
[Site "http://www.queenalice.com/game.php?id=1113820"]
[Date "2012.10.18"]
[Round "1"]
[White "heinrich79"]
[Black "Arwan"]
[Result "0-1"]
[WhiteElo "1798"]
[BlackElo "1805"]

1. e4 e5 2. Nf3 Nc6 3. d4 exd4 4. Nxd4 Bc5 5. Be3 Qf6 6. c3 d6 7. Bc4 a6 8. Nd2
Nge7 9. N2f3 Bg4 10. Qd2 O-O 11. h3 Bd7 12. O-O-O Nxd4 13. Nxd4 b5 14. Bb3 Ng6
15. f4 c6 16. g4 Qd8 17. f5 Ne5 18. Bh6 Bxd4 19. Qxd4 Qe7 20. g5 gxh6 21. gxh6
Qg5+ 22. Qd2 Nd3+ 23. Kc2 Qxd2+ 24. Rxd2 Nc5 25. Rg1+ Kh8 26. Rxd6 Rad8 27. f6
Nxe4 28. Rd3 Nc5 29. Rdg3 Bf5+ 30. Kc1 Nxb3+ 31. axb3 a5 32. Rg5 Bg6 33. b4 axb4
34. cxb4 Rd4 35. R1g4 Rfd8 36. Rxd4 Rxd4 37. Rg4 Re4 38. b3 Kg8 39. Kd2 Kf8 40.
Kc3 Ke8 41. Rxe4+ Bxe4 42. Kd4 Bd5 43. Kc5 Kd7 0-1

[Event "AUTO-OPEN-2821"]
[Site "http://www.queenalice.com/game.php?id=1113821"]
[Date "2012.10.18"]
[Round "1"]
[White "Arwan"]
[Black "heinrich79"]
[Result "0-1"]
[WhiteElo "1843"]
[BlackElo "1779"]

1. e4 c6 2. Nf3 d5 3. exd5 cxd5 4. d4 e6 5. Nc3 Nf6 6. Bg5 Bb4 7. Qd3 Nc6 8. a3
Be7 9. Be2 a6 10. O-O Qd6 11. Rfe1 b5 12. Qd2 Bb7 13. Bd3 O-O-O 14. Ne5 Nxe5 15.
dxe5 Qd7 16. exf6 Bxf6 17. Bxf6 gxf6 18. b4 d4 19. Ne4 f5 20. Nc5 Qd5 21. Nxb7
Qxb7 22. Re5 Rhg8 23. Rc5+ Kd7 24. Re1 Qxg2# 0-1

[Event "Challenge"]
[Site "http://www.queenalice.com/game.php?id=1118126"]
[Date "2012.11.1"]
[Round "-"]
[White "jjjcarvalho"]
[Black "heinrich79"]
[Result "0-1"]
[WhiteElo "1693"]
[BlackElo "1782"]

1. e4 c6 2. d4 d5 3. exd5 cxd5 4. Nf3 Nf6 5. Bb5+ Nc6 6. c3 a6 7. Bxc6+ bxc6 8.
Bg5 e6 9. O-O h6 10. Nbd2 hxg5 11. Ne5 Bd6 12. a4 Bxe5 13. dxe5 Qc7 14. exf6
Qxh2# 0-1

[Event "Challenge"]
[Site "http://www.queenalice.com/game.php?id=1118128"]
[Date "2012.11.1"]
[Round "-"]
[White "jjjcarvalho"]
[Black "heinrich79"]
[Result "0-1"]
[WhiteElo "1623"]
[BlackElo "1759"]

1. d4 Nf6 2. Nf3 g6 3. Bg5 Bg7 4. e3 O-O 5. c4 c5 6. Nc3 Qb6 7. Qc2 d6 8. dxc5
Qxc5 9. Bxf6 Bxf6 10. Be2 Nc6 11. a3 Bf5 12. Bd3 Bxd3 13. Qxd3 Ne5 14. Nxe5 Bxe5
15. b4 Qc6 16. O-O Rac8 17. f4 Bxc3 18. Qxc3 Qxc4 19. Qxc4 Rxc4 20. Kf2 Rc2+ 21.
Kf3 Rfc8 22. h4 h5 23. Rf2 Kg7 24. Rxc2 Rxc2 25. g4 f5 26. gxh5 gxh5 27. e4 Rc3+
28. Ke2 fxe4 29. a4 Rh3 30. Rg1+ Kf6 31. Rc1 Rxh4 32. Ke3 Kf5 33. Rf1 Rh3+ 34.
Kd4 e3 0-1

[Event "Let's Play Chess!"]
[Site "http://www.queenalice.com/game.php?id=1130092"]
[Date "2012.12.10"]
[Round "-"]
[White "fantasigno"]
[Black "heinrich79"]
[Result "1-0"]
[WhiteElo "1811"]
[BlackElo "1789"]

1. e4 c6 2. d4 d5 3. e5 c5 4. Nf3 cxd4 5. Nxd4 Nc6 6. Bb5 a6 7. Nxc6 Qc7 8. Na7+
axb5 9. Nxc8 Qxe5+ 10. Be3 Rxc8 11. c3 e6 12. O-O Bd6 13. g3 Nf6 14. Qb3 O-O 15.
Qxb5 Rc4 16. Bd4 Rxd4 17. cxd4 Qxd4 18. Nc3 Ne4 19. Nxe4 Qxe4 20. Rac1 g6 21.
Qd7 Be5 22. Qxb7 Rb8 23. Rc8+ Rxc8 24. Qxc8+ Kg7 25. Qc1 Bd4 26. Re1 Qf3 27. Qf4
Qxf4 28. gxf4 Bxb2 29. a4 Bc3 30. Rb1 d4 31. Kf1 f6 32. Ke2 e5 33. fxe5 fxe5 34.
Kd3 Kf6 35. Ke4 h5 36. Rb5 1-0

[Event "AUTO-ADV-2700"]
[Site "http://www.queenalice.com/game.php?id=1130290"]
[Date "2012.12.11"]
[Round "1"]
[White "FabioSelinger"]
[Black "heinrich79"]
[Result "1-0"]
[WhiteElo "2039"]
[BlackElo "1774"]

1. e4 c6 2. d4 d5 3. exd5 cxd5 4. c4 Nf6 5. Nc3 e6 6. Nf3 Be7 7. Be2 O-O 8. O-O
Nc6 9. c5 Qc7 10. a3 e5 11. dxe5 Nxe5 12. Nxe5 Qxe5 13. Re1 Bxc5 14. Bf3 Qd6 15.
b4 Bb6 16. Bxd5 Nxd5 17. Nxd5 Be6 18. Nf6+ gxf6 19. Qxd6 Rfd8 20. Qg3+ Kf8 21.
Bh6+ Ke7 22. Kh1 Rac8 23. f4 Rc4 24. f5 1-0

[Event "AUTO-ADV-2700"]
[Site "http://www.queenalice.com/game.php?id=1130291"]
[Date "2012.12.11"]
[Round "1"]
[White "heinrich79"]
[Black "FabioSelinger"]
[Result "0-1"]
[WhiteElo "1769"]
[BlackElo "2060"]

1. e4 c5 2. Nf3 Nc6 3. d4 cxd4 4. Nxd4 e5 5. Nb5 a6 6. N5c3 d6 7. Nd5 Nf6 8.
Nbc3 Be7 9. Bc4 O-O 10. Be3 b5 11. Bb3 b4 12. Ne2 Nxe4 13. Nxe7+ Qxe7 14. Bd5
Bb7 15. Bxe4 f5 16. Bd5+ Kh8 17. Qd2 f4 18. Bb6 a5 19. f3 Qh4+ 20. Bf2 Qg5 21.
Bxc6 Bxc6 22. Qxd6 Rac8 23. g3 Bxf3 24. gxf4 exf4 25. O-O-O Bxe2 26. Rd5 Qg2 27.
Rg1 Qxf2 28. Rdg5 Bf1 29. Qd2 Rxc2+ 30. Kxc2 Rc8+ 31. Kd1 Qf3+ 0-1

[Event "AUTO-ADV-2700"]
[Site "http://www.queenalice.com/game.php?id=1130306"]
[Date "2012.12.11"]
[Round "1"]
[White "jwb"]
[Black "heinrich79"]
[Result "1-0"]
[WhiteElo "1861"]
[BlackElo "1707"]

1. d4 Nf6 2. Nf3 g6 3. Bf4 Bg7 4. e3 O-O 5. h4 d5 6. c4 Bg4 7. c5 Ne4 8. Bd3 Nd7
9. Nbd2 Ndf6 10. Qc2 c6 11. Nxe4 dxe4 12. Bxe4 Nxe4 13. Qxe4 Bf5 14. Qxf5 gxf5
15. h5 h6 16. Ne5 Qd5 17. O-O Kh7 18. b3 Rg8 19. f3 Bxe5 20. Bxe5 f6 21. Bf4 1-0

[Event "AUTO-ADV-2700"]
[Site "http://www.queenalice.com/game.php?id=1130307"]
[Date "2012.12.11"]
[Round "1"]
[White "heinrich79"]
[Black "jwb"]
[Result "0-1"]
[WhiteElo "1718"]
[BlackElo "1850"]

1. e4 Nc6 2. d4 d5 3. e5 Bf5 4. Nf3 Nb4 5. Bd3 Nxd3+ 6. cxd3 e6 7. O-O h6 8.
Qa4+ c6 9. Qb3 b6 10. Qc3 Qc7 11. Be3 Rc8 12. b4 c5 13. Nbd2 c4 14. dxc4 Ne7 15.
Rac1 Ng6 16. h3 Ne7 17. Rc2 Bxc2 18. Qxc2 Nf5 19. b5 f6 20. Rc1 g5 21. Ne1 fxe5
0-1

[Event "AUTO-ADV-2700"]
[Site "http://www.queenalice.com/game.php?id=1130316"]
[Date "2012.12.11"]
[Round "1"]
[White "sandro83"]
[Black "heinrich79"]
[Result "1-0"]
[WhiteElo "1874"]
[BlackElo "1739"]

1. e4 c6 2. d4 d5 3. exd5 cxd5 4. Nc3 Nf6 5. Nf3 g6 6. Be2 Bg7 7. O-O O-O 8. Re1
Bg4 9. Bg5 Nbd7 10. Ne5 Bf5 11. Bg4 Nxg4 12. Nxg4 f6 13. Nh6+ Kh8 14. Nxf5 gxf5
15. Bf4 1-0

[Event "AUTO-ADV-2700"]
[Site "http://www.queenalice.com/game.php?id=1130317"]
[Date "2012.12.11"]
[Round "1"]
[White "heinrich79"]
[Black "sandro83"]
[Result "0-1"]
[WhiteElo "1728"]
[BlackElo "1885"]

1. e4 c5 2. Nf3 Nc6 3. d4 cxd4 4. Nxd4 Nxd4 5. Qxd4 e6 6. Nc3 Qf6 7. Qxf6 Nxf6
8. Nb5 Bb4+ 9. c3 Ba5 10. Bd3 O-O 11. O-O d5 12. e5 Ng4 13. h3 Nxe5 14. Bc2 Rd8
0-1

[Event "Pros0dia"]
[Site "http://www.queenalice.com/game.php?id=1130367"]
[Date "2012.12.11"]
[Round "1"]
[White "heinrich79"]
[Black "MarceloPadre"]
[Result "0-1"]
[WhiteElo "1763"]
[BlackElo "2069"]

1. e4 c6 2. c4 e5 3. Nf3 Qc7 4. d4 d6 5. d5 Nf6 6. Nc3 Be7 7. Be2 a6 8. b3 Bg4
9. O-O c5 10. Rb1 Nbd7 11. b4 cxb4 12. Rxb4 Nc5 13. Be3 Nfxe4 14. Nxe4 Nxe4 15.
c5 Bxf3 16. Bxf3 Nxc5 17. Rc4 b6 18. Qb3 O-O 19. Qc2 f5 20. Bc1 Bf6 21. Qxf5 Qc8
22. Qe6+ Nxe6 23. Rxc8 Raxc8 24. dxe6 Rc5 25. g3 Be7 26. h4 Rf6 27. Bg4 h6 28.
Be3 Rb5 29. Rc1 d5 30. Rc7 Ba3 31. Bg5 hxg5 32. hxg5 Rf8 33. e7 Bxe7 34. Rxe7 e4
35. g6 Rb1+ 36. Kg2 Rb2 37. Be6+ Kh8 38. Bxd5 Rfxf2+ 39. Kh3 Rf8 40. Bxe4 Rb5
41. Bd3 Rh5+ 42. Kg4 Rh6 43. Kg5 b5 44. a3 Rd8 45. g4 Kg8 46. Re6 Rh3 47. Be4
Rxa3 48. Bd5 Rxd5+ 49. Kh4 Rd8 50. Re7 b4 0-1